Návrh opatrení v oblasti adaptácie zamestnancov v podniku ArcelorMittal Gonvarri SSC Slovakia, s.r.o.

Enregistré dans:
Détails bibliographiques
Auteur principal: Sedláčková, Nikola (Auteur)
Autres auteurs: Homokyová, Mária (Directeur de thèse)
Format: Manuscrit Livre
Langue:slovaque
Publié: 2015
Sujets:
Accès en ligne:http://is.stuba.sk/zp/portal_zp.pl?podrobnosti=121403
Tags: Ajouter un tag
Pas de tags, Soyez le premier à ajouter un tag!

MARC

LEADER 00000ntm a22000003a 4500
001 stuzp50596
003 SK-STU
005 20160719153613.6
007 ta
008 150427s2015----xo-----f-mn---000-0-slo-d
040 |a STU  |b slo 
041 0 |a slo 
100 1 |a Sedláčková, Nikola  |u 064000  |4 aut  |U MTF Materiálovotechnologická fakulta  |T MTF Ústav priemyselného inžinierstva a manažmentu  |X 46755  |U M4000  |Y 84  |7 46755 
242 0 1 |a Proposals of measures in the adaptation of employees in company ArcelorMittal Gonvarri SSC Slovakia s. r. o.  |y eng 
245 1 0 |a Návrh opatrení v oblasti adaptácie zamestnancov v podniku ArcelorMittal Gonvarri SSC Slovakia, s.r.o. 
260 |c 2015 
650 4 |a zamestnanci  |2 slo 
650 4 |a adaptačný proces  |2 slo 
650 4 |a podnik  |2 slo 
650 4 |a adaptácia  |2 slo 
650 4 |a adaptation  |2 eng 
650 4 |a employees  |2 eng 
650 4 |a adaptation process  |2 eng 
650 4 |a company  |2 eng 
700 1 |a Homokyová, Mária  |4 ths  |X 2756  |7 A000002756 
856 4 |u http://is.stuba.sk/zp/portal_zp.pl?podrobnosti=121403 
996 |c M* BP-7369  |l MMSKP  |s P  |a 0  |w stuzp50596_0001 
SQL |a stuzp50596  |b DBP  |c SLO  |d Návrh opatrení v oblasti adaptácie zamestnancov v podniku ArcelorMittal Gonvarri SSC Slovakia, s.r.o.  |e 46755  |f Sedláčková, Nikola  |g 064000  |h 2756  |i Homokyová, Mária  |j 20150622  |k 173  |l 06  |m http://is.stuba.sk/zp/portal_zp.pl?podrobnosti=121403  |n B-PPP  |o 5.2.52. priemyselné inžinierstvo